000 00856nas a2200289 4500
001 BR2012004485
003 BR-BrBNA
005 20231205120743.0
007 ta
008 230509b bl.|||p| |||| 00| 00por d
040 _aBR-BrBNA
_bpor
_cBiblioteca Nacional de Agricultura
041 _a(Pt)
072 _aQ03
100 1 _aCamargo, M.R.M.
100 1 _aFernandez, A.T.
100 1 _aMarques, K.C.
245 1 _aRotavirus em alimentos: revisão de literatura
650 _aROTAVÍRUS
650 _aNUTRIÇÃO HUMANA
650 _aANÁLISE DE ALIMENTO
650 _aCONTAMINAÇÃO
650 _aSEGURANÇA ALIMENTAR
650 _aEDUCAÇÃO SANITÁRIA
773 0 _tHigiene Alimentar (Brazil)
_xISSN 0101-9171
_g(Mar-Apr 2012), v. 26(206-207) p. 93-97
_wBR2012004485
909 _a202311
_bLúcia
_c55
_dLúcia Elande
942 _2AGRIS
_n0
_cANA
999 _c220136
_d220136